000 00665nam a2200241Ia 4500
008 180523s9999 xx 000 0 und d
020 _a981-06-9981-6
050 _aMAIN HA 29
050 _b.L48 2006 c.1
100 _aLevin, Jack
245 0 _aUnderstanding elementary statistics in social research /
245 0 _cJack Levin, James Alan Fox.
250 _a10th Edition
260 _aSingapore :
260 _bPearson Education South Asia,
260 _c2006
300 _a512 pages :
300 _billustrations ;
300 _c24 cm.
500 _aIncludes index.
650 _aSocial sciences -- Statistical methods.
650 _xStatistics.
999 _c356744
_d356744